| 000 | 00332 a2200133 4500 | ||
|---|---|---|---|
| 020 | _a0140013997 | ||
| 040 |
_aDLC _bDLC |
||
| 082 | _a574.9495 | ||
| 100 | 1 | _aDurrell, Gerald, | |
| 245 | 0 | 0 |
_aMy family and other animals _cGerald Durrell |
| 260 |
_aHarmondsworth : _bPenguin, _c1987 |
||
| 300 | _a314 s. | ||
| 942 |
_cBK _k574.9495 DUR _2ddc |
||
| 999 |
_c7890 _d7890 |
||